| 000 | 00997cam a22002775i 4500 | ||
|---|---|---|---|
| 999 |
_c21917 _d21889 |
||
| 001 | 016947783 | ||
| 003 | EG-ScBUE | ||
| 005 | 20210201124338.0 | ||
| 008 | 140903s2015 enk g 000 f eng d | ||
| 020 | _z9780008110666 (pbk.) | ||
| 040 |
_aStDuBDS _beng _erda _cStDuBDS _dEG-ScBUE |
||
| 082 | 0 | 4 |
_a813.6 _bFAL _222 |
| 100 | 1 |
_aFalkoff, Michelle, _eauthor. _940243 |
|
| 245 | 1 | 0 |
_aPlaylist for the dead / _cMichelle Falkoff. |
| 264 | 1 |
_aLondon : _bHarperCollins Publishers, _c2015. |
|
| 300 |
_a281 pages ; _c20 cm |
||
| 336 |
_atext _btxt _2rdacontent |
||
| 337 |
_aunmediated _bn _2rdamedia |
||
| 338 |
_avolume _bnc _2rdacarrier |
||
| 520 | _aAfter his best friend, Hayden, commits, suicide, fifteen-year-old Sam is determined to find out why--using the clues in the playlist Hayden left for him. | ||
| 650 | 7 |
_aSuicide _vJuvenile fiction. _2BUEsh _940245 |
|
| 650 | 7 |
_aLoss (Psychology) _vJuvenile fiction. _2BUEsh _940246 |
|
| 651 | _2BUEsh | ||
| 653 |
_bHHUUEENN _cJune2016 |
||
| 942 |
_2ddc _cBB |
||